LEADER 00965nam a2200241 4500 001 000000354535 003 CaOOAMICUS 005 20230811135353.0 008 230630s2022 it 000 u ita r 020 $a978-88-311-3546-7 040 $aSeMil$bita 245 00$a2: Periodo moderno. 264 1$aRoma :$bCittà Nuova,$c2022. 300 $a605 p. ;$c23 cm 490 1 $aIdee. Filosofia. Nuova serie ;$v174 773 0 $tAnima, corpo, relazioni.$dRoma : Città Nuova, 2022.$kIdee. Filosofia. Nuova serie$g3$w()353897 830 0$aIdee. Filosofia. Nuova serie ;$v174.$0(OLS)http://semarc/title/5903 850 $aSeMil 852 $aSeMil$W1$xVenegono$y1$m2Q II 409$j241867$B245789$CSeMilBibl$Z2$F245789 $81 996 $6020$a978-88-311-3546-7$9(OLS)http://semarc/number/298442 996 $6245$a2: Periodo moderno$9(OLS)http://semarc/title/444676 996 $6264$aRoma :$bCittà Nuova$9(OLS)http://semarc/publisher/29609 LEADER 00914nam a2200193 i 4500 001 000000101221 003 CaOOAMICUS 005 20041228000000.0 008 041228s1975 it u000 u ita u 013 $a73373 040 $aSeMil$bita 100 1 $aFoucauld, Charles : de,$d<1858-1916>.$0(OLS)http://semarc/name/3237 245 10$aSolitudine con Dio. Ritiri per le ordinazioni e nel Sahara (1900-1909) /$cintroduzione e note di Bernard Jacqueline. 300 $a270 p. 700 1 $aBernard, Jacqueline.$0(OLS)http://semarc/name/38641 773 0 $aFoucauld, Charles : de, <1858-1916>$tScritti spirituali di Charles de Foucauld.$bEdizione integrale.$dRoma : Città Nuova, 1983-$g10$w()20504 850 $aSeMil 852 $aSeMil$W1$xVenegono$y1$m2C I 746$j241197$B58118$CSeMilBibl$Z2$F68732 $81 996 $6245$aSolitudine con Dio. Ritiri per le ordinazioni e nel Sahara (1900-1909)$9(OLS)http://semarc/title/148191